000 00860nam0a22002531 4500
001 rc\794476
005 20250622134202.0
035 _a(NLR Aleph) 006319443
090 _a7436232
_c7436232
100 _a20040301d1984 |||y0rusy50 ca
101 0 _arus
102 _aRU
105 _aa |||||||||
200 1 _aКаратаг и его ремесла
_e(Ист.-этногр. очерк)
_fОтв. ред. А.К. Писарчик
210 _aДушанбе
_cДониш
_d1984
215 _a120 с.
_cил.
_d20
300 _aВ надзаг.: АН ТаджССР, Ин-т истории им. А. Дониша
320 _aБиблиогр.: с. 118-120 (59 назв.)
700 1 _aЕршов
_bН.Н.
_gНиколай Николаевич
801 0 _aRU
_bNLR
_gpsbo
801 1 _aRU
_bELAR
_2rusmarc
852 _aNLR
_j85-3/2763
942 _cBOOK
980 _aNB